|
003 -Nazwa inst., której nr kontr. jest w polu 001 [,]
|
-
- @
- Nazwa instytucji, której n kontrolny jest w polu 001
- NUKAT
|
|
005 -DATA I CZAS OSTATNIEJ MODYFIKACJI [,]
|
-
- @
- pole kontrolne
- 20241231104207.0
|
|
020 -Międzynarod. znormalizowany nr książki - ISBN [ , ]
|
-
- a
- Numer ISBN
- 837273142X
|
|
040 -Instytucja sporządzająca opis [ , ]
|
-
- a
- Instytucja, która sporządziła opis (NP)
- OLSZT 003/WO
-
- c
- Instytucja, która sporządziła rekord (NP)
- OLSZT 003/WO
-
- d
- Instytucja, która zmodyfikowała rekord (P)
- OLSZT 003/WO
-
- d
- Instytucja, która zmodyfikowała rekord (P)
- LUBL U/tszs
-
- d
- Instytucja, która zmodyfikowała rekord (P)
- WR O/GWs
-
- d
- Instytucja, która zmodyfikowała rekord (P)
- WA N/PBza
-
- d
- Instytucja, która zmodyfikowała rekord (P)
- WA N/PBkws
-
- d
- Instytucja, która zmodyfikowała rekord (P)
- WA N/PBmas
-
- d
- Instytucja, która zmodyfikowała rekord (P)
- KR U/DPs
|
|
942 -Rodzaj dokumentu [ , ]
|
-
- c
- Rodzaj dokumentu
- Książka
|
|
300 -Strefa opisu fizycznego [ , ]
|
-
- a
- Określenie formy książki i/lub objętość (NP)
- 260, [2] s., [1] k. tabl. kolor., [2] k. tabl. złoż. :
-
- b
- Oznaczenie ilustracji (NP)
- il. ;
-
|
|
336 -Typ zawartości [ , ]
|
-
- a
- Termin opisujący typ zawartości
- Tekst
-
- b
- Kod określający zawartość
- txt
-
- 2
- Źródło (terminu i kodu)
- rdacontent
|
|
337 -Typ mediów [ , ]
|
-
- a
- Tryb odtwarzania
- Bez urządzenia pośredniczącego
-
-
- 2
- Źródło (terminu i kodu)
- rdamedia
|
|
338 -Typ/rodzaj nośnika [ , ]
|
-
- a
- Hasło opisujące typ nośnika
- Wolumin
-
-
- 2
- Źródło (terminu i kodu)
- rdacarrier
|
|
380 -Deskryptor - Forma dzieła (P) [ , ]
|
-
- a
- forma dzieła (NP)
- Proza
|
|
386 -Deskryptor - przynależność kulturowa (P) [ , ]
|
-
- m
- Wyrażenie wprowadzające (NP)
- Przynależność kulturowa
-
- a
- Przynależność kulturowa (NP)
- Literatura niemiecka
|
|
386 -Deskryptor - przynależność kulturowa (P) [ , ]
|
-
- m
- Wyrażenie wprowadzające (NP)
- Przynależność kulturowa
-
- a
- Przynależność kulturowa (NP)
- Literatura polska
|
|
600 -Hasło przedmiotowe w formie nazwy osobowej [3,7]
|
-
-
-
- v
- Określnik formalny
- biografie.
-
-
|
|
650 -Hasło przedmiotowe [ ,7]
|
-
- a
- Hasło przedmiotowe
- Folklor
-
-
|
|
651 -Hasło przedmiotowe w formie nazwy geograficznej [ ,7]
|
-
- a
- Nazwa geograficzna
- Pomorze (region)
-
- x
- Określnik rzeczowy
- historia
-
- v
- Określnik formalny
- wydawnictwa popularne.
-
-
|
|
651 -Hasło przedmiotowe w formie nazwy geograficznej [ ,7]
|
-
- a
- Nazwa geograficzna
- Pomorze Zachodnie (Polska ; region)
-
- x
- Określnik rzeczowy
- historia
-
- v
- Określnik formalny
- miscellanea.
-
-
|
|
651 -Hasło przedmiotowe w formie nazwy geograficznej [ ,7]
|
-
- a
- Nazwa geograficzna
- Pomorze (region)
-
- x
- Określnik rzeczowy
- historia
-
- v
- Określnik formalny
- miscellanea.
-
-
|
|
651 -Hasło przedmiotowe w formie nazwy geograficznej [ ,7]
|
-
- a
- Nazwa geograficzna
- Pomorze Zachodnie
-
-
|
|
655 -Hasło w funkcji tematu formalnego [ ,7]
|
-
-
- z
- Określnik geograficzny
- Polska
-
- z
- Określnik geograficzny
- Pomorze Zachodnie (region).
-
-
|
|
655 -Hasło w funkcji tematu formalnego [ ,7]
|
-
-
- z
- Określnik geograficzny
- Pomorze (region).
-
-
|
|
655 -Hasło w funkcji tematu formalnego [ ,7]
|
-
- a
- Hasło
- Legendy i podania
-
-
|
|
658 -Ujęcie treści [ , ]
|
-
- a
- dziedzina nauki i sztuki/ sfera aktywności życiowej
- Etnologia i antropologia kulturowa
|
|
658 -Ujęcie treści [ , ]
|
-
- a
- dziedzina nauki i sztuki/ sfera aktywności życiowej
- Historia
|
|
980 -Symbol UKD [ , ]
|
-
- a
- UKD
- 821.162.1-343.4(082.2)+821.112.2-343.4(082.2):398.2:94(438)Pomorze Zachodnie
|